Constitucion de la Nacion Argentina: (Record no. 5381)
[ view plain ]
| 000 -CABECERA | |
|---|---|
| campo de control de longitud fija | 00486nam a22001457a 4500 |
| 020 ## - NUMERO INTERNACIONAL NORMALIZADO PARA LIBROS (ISBN) | |
| International Standard Book Number | 9789501302363 |
| 080 ## - NUMERO DE CLASIFICACION DECIMAL UNIVERSAL (CDU) | |
| Número de la Clasificación Decimal Universal | 342.4 (82) C 626 |
| 245 ## - MENCION DE TITULO | |
| Título propiamente dicho | Constitucion de la Nacion Argentina: |
| Parte restante del título | tratados internacionales con jerarquia constitucional |
| 250 ## - MENCION DE EDICION | |
| Mención de edición | 1° Ed. 4° Reimp. |
| 260 ## - PUBLICACION, DISTRIBUCION, ETC. (PIE DE IMPRENTA) | |
| Lugar de publicación, distribución, etc. | Ciudad Autonoma de Buenos Aires: |
| Nombre del editor, distribuidor, etc. | Kapelusz, |
| Fecha de publicación, distribución, etc. | 2018 |
| 300 ## - DESCRIPCION FISICA | |
| Extensión | 128 P. |
| Dimensiones | 14 X 20 Cm. |
| 650 ## - ASIENTO SECUNDARIO DE MATERIA - TERMINO TEMATICO | |
| Subdivisión general | constitucion |
| -- | Nacion Argentina |
| -- | tratados internacionales |
| 942 ## - ELEMENTOS AGREGADOS (KOHA) | |
| Clasificación normalizada de Koha para alfabetizar | _ |
| 945 ## - INFORMACION DE PROCESAMIENTO LOCAL | |
| Responsable de carga/modificación | Celeste Delía |
| AAAA-MM-DD - Fecha de ingreso/modificación | 2024-04-16 |
| Retirado | Perdido | Fuente de clasificación | Dañado | No se presta | Ubicación permanente | Locación actual | Estante o sala | Fecha de adquisición | Total préstamos | Signatura topográfica | Inventario | Ultima fecha vista | Ultima fecha prestado | Fecha del precio | Tipo de item de Koha |
|---|---|---|---|---|---|---|---|---|---|---|---|---|---|---|---|
| Bib. Derecho | Bib. Derecho | Sector Prestamo | 16/04/2024 | 1 | 342.4 (82) C 626 | 204482 | 31/05/2024 | 22/05/2024 | 16/04/2024 | LIBRO |
